El gerundio español (estudio diacrónico-sincrónico)

Збережено в:
Бібліографічні деталі
Автор: Jiménez Vásquez, José María
Формат: Книга
Мова:Undetermined
Опубліковано: San José, Costa Rica Escuela de Filología, Lingüística y Literatura,Universidad de Costa Rica 1976
Предмети:
Теги: Додати тег
Немає тегів, Будьте першим, хто поставить тег для цього запису!

MARC

LEADER 00000nam a2200000Ia 4500
008 170316s9999 xx 000 0 und d
040 |a cru BVZT 
090 |a Tesis 139 
100 |a Jiménez Vásquez, José María 
245 |a El gerundio español (estudio diacrónico-sincrónico) 
260 |a San José, Costa Rica 
260 |b Escuela de Filología, Lingüística y Literatura,Universidad de Costa Rica 
260 |c 1976 
300 |a 151 páginas 
650 |a LICENCIATURA EN FILOLOGÍA ESPAÑOLA 
650 |a TRABAJO FINAL DE GRADUACIÓN 
999 |c 13744  |d 13744 
942 |c TFG  |h Tesis 139  |2 z